[Event "AUTO-OPEN-587"]
[Site "http://www.queenalice.com/game.php?id=181014"]
[Date "2007.3.13"]
[Round "1"]
[White "Rogertodyy"]
[Black "ferreira"]
[Result "0-1"]
[WhiteElo "1538"]
[BlackElo "1697"]

1. d4 Nf6 2. c4 d5 3. Nc3 e6 4. cxd5 Bb4 5. Qa4+ Qd7 6. Qxb4 Nxd5 7. Nxd5 Qxd5
8. h4 Nc6 9. Qc3 Qxd4 10. Qf3 Nb4 11. e3 Nc2+ 12. Ke2 Qc4+ 13. Kd1 Qxf1+ 14.
Kxc2 Qc4+ 15. Kd1 e5 16. Qh5 Bg4+ 17. Qxg4 Qxg4+ 18. Nf3 Qxg2 19. Rg1 Qxf3+ 20.
Ke1 O-O-O 21. Bd2 g6 22. Rg3 Qh1+ 23. Ke2 Qxa1 24. e4 Qxb2 25. Rc3 Qxd2+ 0-1

[Event "AUTO-OPEN-587"]
[Site "http://www.queenalice.com/game.php?id=181015"]
[Date "2007.3.13"]
[Round "1"]
[White "ferreira"]
[Black "what"]
[Result "1-0"]
[WhiteElo "1724"]
[BlackElo "1375"]

1. d4 d5 2. c4 dxc4 3. Qa4+ c6 4. Qxc4 Be6 5. Qb4 Qb6 6. Qxb6 axb6 7. Nf3 b5 8.
e4 b4 9. b3 Bd7 10. Bc4 e6 11. O-O Nf6 12. Nbd2 Be7 13. e5 Ng4 14. Ne4 Ra5 15.
Bd2 O-O 16. h3 f5 17. exf6 Bxf6 18. Bxb4 Rf5 19. Bxf8 Kxf8 20. hxg4 Rf4 21. Nxf6
Rxf6 22. g5 Rf4 23. Ne5 Rxd4 24. g6 h6 25. Nxd7+ Nxd7 26. Bxe6 Ne5 27. a4 Nxg6
28. Bc8 b6 29. Rfe1 Rd8 30. Re6 Rxc8 31. Rxg6 Kf7 32. Rd6 Ke7 33. Rg6 Kf7 34.
Rg3 g5 35. Rf3+ Kg6 36. Re1 g4 37. Re6+ Kg5 38. Rff6 h5 39. f4+ Kh4 40. Rxc6 Rd8
41. Rxb6 Kg3 42. Rbd6 Re8 43. Rd3+ Kh4 44. Kh2 Re2 45. b4 Rb2 46. b5 Ra2 47. b6
Rxa4 48. g3# 1-0

[Event "AUTO-OPEN-587"]
[Site "http://www.queenalice.com/game.php?id=181016"]
[Date "2007.3.13"]
[Round "1"]
[White "what"]
[Black "ferreira"]
[Result "0-1"]
[WhiteElo "1377"]
[BlackElo "1722"]

1. Nc3 Nf6 2. e4 Nc6 3. d4 d5 4. e5 Ne4 5. Qe2 e6 6. Qd3 Bd7 7. Be3 Nb4 8. Qe2
c5 9. Nf3 b6 10. a3 Nxc3 11. bxc3 Nc6 12. Bg5 Be7 13. Bf4 cxd4 14. cxd4 h6 15.
a4 Bb4+ 16. Nd2 Nxd4 17. Qd3 Bc5 18. c3 Nf5 19. Be2 a6 20. O-O b5 21. a5 b4 22.
cxb4 Bxb4 23. Nb3 Bb5 24. Qc2 Bxe2 25. Qxe2 Bc3 26. g4 Bxa1 27. Rxa1 Nh4 28. Rc1
Ng6 29. Bd2 Qb8 30. Nd4 Qxe5 31. Qxe5 Nxe5 32. h3 O-O 33. f4 Nd3 34. Rc6 e5 35.
fxe5 Nxe5 36. Rc5 Rfd8 37. g5 h5 38. h4 Rab8 39. Nf5 Nf3+ 40. Kf2 Nxd2 41. Ne7+
Kf8 42. Nc6 Ne4+ 43. Kf3 Nxc5 44. Kf4 d4 45. Kf5 g6+ 46. Kf6 d3 47. Ne5 Rd6# 0-1

[Event "AUTO-OPEN-587"]
[Site "http://www.queenalice.com/game.php?id=181017"]
[Date "2007.3.13"]
[Round "1"]
[White "ferreira"]
[Black "LeandroFSilva"]
[Result "1-0"]
[WhiteElo "1693"]
[BlackElo "1217"]

1. d4 Nf6 2. Bg5 d5 3. Bxf6 gxf6 4. Nc3 Bf5 5. f3 Bh6 6. e4 dxe4 7. fxe4 Bg6 8.
Bc4 Be3 9. Nf3 Nc6 10. Bb5 Bh5 11. Bxc6+ bxc6 12. d5 Qd6 13. dxc6 Qxc6 14. Qd5
Qxd5 15. Nxd5 O-O 16. Nxe3 Rab8 17. O-O-O Rb4 18. Rd2 Rxe4 19. Nd5 Rd8 20. Nxe7+
Kg7 21. Nf5+ Kg6 22. N3h4+ Kg5 23. Rxd8 Bg6 24. Nxg6 fxg6 25. Ng3 Re6 26. Rd5+
f5 27. Rd7 1-0

[Event "AUTO-OPEN-587"]
[Site "http://www.queenalice.com/game.php?id=181018"]
[Date "2007.3.13"]
[Round "1"]
[White "LeandroFSilva"]
[Black "ferreira"]
[Result "0-1"]
[WhiteElo "1215"]
[BlackElo "1695"]

1. d4 Nf6 2. Nc3 d5 3. Bf4 a6 4. Nf3 Nc6 5. a3 h6 6. e3 Bg4 7. Be2 e6 8. Ne5
Bxe2 9. Qxe2 Na5 10. b4 Nc4 11. Nxc4 dxc4 12. Qxc4 Bd6 13. Be5 Bxe5 14. dxe5 Nd7
15. O-O Nxe5 16. Qe4 Nc6 17. Rad1 Qe7 18. Rd3 O-O 19. Rfd1 Qf6 20. Ne2 Rad8 21.
Rd7 Ne5 22. Rxd8 Rxd8 23. Rxd8+ Qxd8 24. h3 Qd1+ 25. Kh2 Qxe2 26. Qxe5 Qxf2 0-1

[Event "Challenge"]
[Site "http://www.queenalice.com/game.php?id=197023"]
[Date "2007.4.14"]
[Round "-"]
[White "jalvez"]
[Black "ferreira"]
[Result "1-0"]
[WhiteElo "2027"]
[BlackElo "1707"]

1. e4 e5 2. Nf3 d6 3. d4 Nf6 4. Bg5 Bg4 5. dxe5 Bxf3 6. Qxf3 dxe5 7. Bxf6 Qxf6
8. Qxf6 gxf6 9. c3 a6 10. Nd2 Nc6 11. O-O-O Bh6 12. Kc2 O-O-O 13. Bc4 Rhg8 14.
g3 Rd7 15. Nb3 Rxd1 16. Rxd1 Rd8 17. Bxf7 Rxd1 18. Kxd1 b6 19. Bg8 Bf8 20. Bxh7
Kd8 21. Ke2 Ke7 22. Ke3 Bh6+ 23. f4 a5 24. Nd2 b5 25. Nb3 b4 26. cxb4 axb4 27.
Bg8 Kd6 28. Bd5 Ne7 29. Bf7 f5 30. exf5 exf4+ 31. gxf4 Nxf5+ 32. Ke4 Nh4 33. f5
Bg7 34. Na5 Kc5 35. b3 Kd6 36. Nc4+ Kc5 37. Ne3 Kd6 38. Bc4 Bb2 39. Bf1 c6 40.
Nc4+ Ke7 41. Nxb2 Kf6 42. Bh3 1-0

[Event "AUTO-ADV-490"]
[Site "http://www.queenalice.com/game.php?id=210420"]
[Date "2007.5.13"]
[Round "1"]
[White "tewald"]
[Black "ferreira"]
[Result "1-0"]
[WhiteElo "1776"]
[BlackElo "1722"]

1. e4 e5 2. d3 Nc6 3. f4 Bc5 4. Nf3 d6 5. h3 Nf6 6. f5 h6 7. c3 d5 8. Qe2 d4 9.
c4 Qd6 10. g4 Bd7 11. a3 Na5 12. b4 Nb3 13. bxc5 Qxc5 14. Bb2 Nxa1 15. Bxa1 Qa5+
16. Qd2 Qxd2+ 17. Nbxd2 b5 18. cxb5 Bxb5 19. Nxe5 O-O 20. Bxd4 Rfc8 21. Bg2 c5
22. Bb2 a5 23. O-O Nd7 24. Nxd7 Bxd7 25. Nc4 Rab8 26. Be5 Rb3 27. Nxa5 Rxa3 28.
Nb7 Rxd3 29. f6 gxf6 30. Rxf6 Rd1+ 31. Kh2 Rc6 32. Nd6 Be6 33. Nf5 Kf8 34. Rxh6
Ke8 35. Ng7+ Ke7 36. Nxe6 fxe6 37. g5 Kd7 38. g6 Rc8 39. g7 Rg8 40. Rh8 Rxg7 41.
Bxg7 c4 42. Bf3 Rf1 43. Kg2 Rc1 44. Rh7 Kc6 45. Be5 c3 46. Rc7+ 1-0

[Event "AUTO-ADV-490"]
[Site "http://www.queenalice.com/game.php?id=210421"]
[Date "2007.5.13"]
[Round "1"]
[White "ferreira"]
[Black "tewald"]
[Result "1-0"]
[WhiteElo "1689"]
[BlackElo "1781"]

1. e4 e6 2. Nc3 d5 3. Bb5+ c6 4. Ba4 b5 5. Bb3 a5 6. a3 Bd6 7. Nf3 Bb7 8. d4 f6
9. Ne2 a4 10. Ba2 Ne7 11. e5 fxe5 12. dxe5 Bc5 13. Ng5 Qd7 14. Nf4 O-O 15. Be3
Bxe3 16. fxe3 c5 17. Ngxe6 g6 18. Nxf8 Kxf8 19. O-O Kg7 20. Qf3 c4 21. e6 Qc6
22. Nh5+ Kh8 23. Qf8+ Ng8 24. Qg7# 1-0

[Event "AUTO-ADV-490"]
[Site "http://www.queenalice.com/game.php?id=210438"]
[Date "2007.5.13"]
[Round "1"]
[White "ferreira"]
[Black "Daimonlex"]
[Result "1-0"]
[WhiteElo "1750"]
[BlackElo "1652"]

1. e4 Nf6 2. Nc3 d6 3. h3 e5 4. Nf3 Nc6 5. d3 Be7 6. Be3 O-O 7. Be2 Be6 8. O-O
Qd7 9. Ng5 h6 10. Nf3 Nh7 11. d4 exd4 12. Nxd4 Nxd4 13. Bxd4 Ng5 14. Bg4 f5 15.
exf5 Bxf5 16. Nd5 Bxg4 17. Qxg4 Qxg4 18. hxg4 Bd8 19. f4 c6 20. fxg5 cxd5 21.
Rxf8+ Kxf8 22. gxh6 gxh6 23. Rf1+ Kg8 24. Rf5 Bg5 25. Rxd5 Re8 26. Rxd6 Re2 27.
Rd7 Rxc2 28. Rxb7 Rc4 29. Bxa7 Rc1+ 30. Kf2 1-0

[Event "AUTO-ADV-490"]
[Site "http://www.queenalice.com/game.php?id=210439"]
[Date "2007.5.13"]
[Round "1"]
[White "Daimonlex"]
[Black "ferreira"]
[Result "0-1"]
[WhiteElo "1716"]
[BlackElo "1697"]

1. d4 Nf6 2. c4 d5 3. Nc3 e6 4. Bg5 Nc6 5. Nf3 h6 6. Bh4 Bb4 7. a3 Bxc3+ 8. bxc3
dxc4 9. e3 Qd5 10. Bxf6 gxf6 11. Qa4 b5 12. Qc2 e5 13. Be2 exd4 14. cxd4 f5 15.
O-O Rg8 16. Rab1 Ba6 17. Nh4 Ne7 18. Bf3 Qd8 19. Bxa8 Qxa8 20. Nf3 Bb7 21. e4
Bxe4 0-1

[Event "AUTO-ADV-490"]
[Site "http://www.queenalice.com/game.php?id=210440"]
[Date "2007.5.13"]
[Round "1"]
[White "ferreira"]
[Black "Mekk"]
[Result "0-1"]
[WhiteElo "1697"]
[BlackElo "1883"]

1. e4 c5 2. Bc4 Nc6 3. Nf3 d6 4. d3 Nf6 5. Ng5 Ne5 6. Bb5+ Bd7 7. Nc3 e6 8. h3
Be7 9. d4 cxd4 10. Qxd4 h6 11. Nf3 Nxf3+ 12. gxf3 a6 13. Bxd7+ Qxd7 14. e5 dxe5
15. Qxe5 Rd8 16. a3 O-O 17. Qe2 Kh8 18. b4 Qd4 19. Bd2 Nd5 20. Nxd5 Qxa1+ 21.
Qd1 Qxd1+ 22. Kxd1 Rxd5 23. c4 Rd4 24. c5 Rfd8 0-1

[Event "AUTO-ADV-490"]
[Site "http://www.queenalice.com/game.php?id=210441"]
[Date "2007.5.13"]
[Round "1"]
[White "Mekk"]
[Black "ferreira"]
[Result "1-0"]
[WhiteElo "1891"]
[BlackElo "1722"]

1. e4 e5 2. Nf3 Nc6 3. Bb5 Bc5 4. c3 Nf6 5. O-O d6 6. Re1 Ng4 7. d4 exd4 8. cxd4
Bb4 9. Nc3 Be6 10. d5 Bxc3 11. bxc3 a6 12. Bxc6+ bxc6 13. dxe6 fxe6 14. Bg5 Qd7
15. Nd4 Ne5 16. Qh5+ g6 17. Qh3 Kf7 18. f4 Nc4 19. Qd3 Nb2 20. Qc2 Nc4 21. f5
exf5 22. exf5 Ne5 23. Qb3+ Ke8 24. Qe6+ Qxe6 25. fxe6 Rf8 26. Rf1 Nc4 27. Nxc6
d5 28. Rxf8+ Kxf8 29. Rf1+ Ke8 30. e7 Rc8 31. Rf8+ 1-0

[Event "AUTO-INT-454"]
[Site "http://www.queenalice.com/game.php?id=210473"]
[Date "2007.5.13"]
[Round "1"]
[White "ferreira"]
[Black "Marcellus"]
[Result "0-1"]
[WhiteElo "1762"]
[BlackElo "2059"]

1. e4 e5 2. Nf3 Nc6 3. Bc4 Bc5 4. d3 Nf6 5. h3 O-O 6. Bg5 d6 7. c3 Be6 8. Nbd2
Bxc4 9. Nxc4 a5 10. Be3 Bxe3 11. fxe3 b5 12. Na3 b4 13. Nc4 d5 14. Ncd2 bxc3 15.
bxc3 dxe4 16. dxe4 Qd3 0-1

[Event "AUTO-INT-454"]
[Site "http://www.queenalice.com/game.php?id=210474"]
[Date "2007.5.13"]
[Round "1"]
[White "Marcellus"]
[Black "ferreira"]
[Result "1-0"]
[WhiteElo "2063"]
[BlackElo "1758"]

1. d4 Nf6 2. c4 d5 3. cxd5 Nxd5 4. Nf3 h6 5. e4 Nf6 6. Nc3 Bg4 7. Qb3 b6 8. Ne5
Be6 9. Bb5+ Nbd7 10. Qd1 Bg4 11. Nxg4 Nxg4 12. Qxg4 e6 13. Bf4 Bb4 14. Qxg7 Rf8
15. Bc6 Rb8 16. Bxh6 Qe7 17. Qxf8+ 1-0

[Event "AUTO-INT-454"]
[Site "http://www.queenalice.com/game.php?id=210475"]
[Date "2007.5.13"]
[Round "1"]
[White "ferreira"]
[Black "holandes"]
[Result "1-0"]
[WhiteElo "1714"]
[BlackElo "1516"]

1. e4 e5 2. Bc4 c6 3. Nf3 d6 4. Nc3 b5 5. Bb3 h6 6. d4 Nd7 7. Be3 g5 8. dxe5
dxe5 9. a4 b4 10. Na2 c5 11. Bd5 Rb8 12. Bc6 Nf6 13. Nxe5 Nxe4 14. Nxd7 Bxd7 15.
Bxe4 Bxa4 16. b3 Bb5 17. Bd3 Bc6 18. f3 Qd6 19. Nc1 Qe5 20. Qe2 Qxa1 21. Bd4+
1-0

[Event "AUTO-INT-454"]
[Site "http://www.queenalice.com/game.php?id=210476"]
[Date "2007.5.13"]
[Round "1"]
[White "holandes"]
[Black "ferreira"]
[Result "0-1"]
[WhiteElo "1600"]
[BlackElo "1696"]

1. e4 e5 2. c3 Nf6 3. d3 d6 4. Nf3 h6 5. Be3 Bg4 6. Be2 Nc6 7. Nfd2 Qd7 8. f3
Bh5 9. g4 Bg6 10. d4 exd4 11. cxd4 Nb4 12. a3 Nc6 13. Bb5 d5 14. e5 Nh7 15. Nc3
a6 16. Qa4 Be7 17. O-O-O O-O 18. Be2 b5 19. Qb3 Na5 20. Qa2 c6 21. h4 Nc4 22.
Nxc4 bxc4 23. h5 Bd3 24. Bxd3 cxd3 25. Rxd3 Ng5 26. Bf4 Rab8 27. e6 Nxe6 28.
Bxb8 Rxb8 29. Rf1 Nf4 30. Re3 Bg5 31. Re5 Nd3+ 32. Kc2 Nxe5 33. dxe5 Bh4 34. Na4
Qe6 35. Rd1 Qxe5 36. Qb1 Qe2+ 37. Kc1 Bg5+ 0-1

[Event "AUTO-INT-454"]
[Site "http://www.queenalice.com/game.php?id=210477"]
[Date "2007.5.13"]
[Round "1"]
[White "ferreira"]
[Black "Nakgada"]
[Result "0-1"]
[WhiteElo "1708"]
[BlackElo "1802"]

1. e4 e6 2. Nc3 Bb4 3. Nf3 Bxc3 4. dxc3 Nf6 5. Bg5 h6 6. Bxf6 Qxf6 7. e5 Qf4 8.
Bd3 b6 9. Qe2 Bb7 10. Qe3 Qxe3+ 11. fxe3 O-O 12. e4 a6 13. O-O b5 14. a4 bxa4
15. Rxa4 c5 16. b4 Rc8 17. bxc5 Rxc5 18. c4 Nc6 19. c3 Nxe5 20. Nxe5 Rxe5 21.
Re1 a5 22. Kf2 Bc6 23. Ra3 a4 24. g3 g5 25. Kf3 h5 26. h4 f5 27. hxg5 fxe4+ 28.
Bxe4 Bxe4+ 29. Rxe4 Rxg5 30. g4 hxg4+ 31. Rxg4 Rxg4 32. Kxg4 Kf7 33. Kf4 Kf6 34.
Ke4 d6 35. Kf4 Ra5 36. Ke4 e5 37. Ra1 a3 38. Rf1+ Ke6 39. Ra1 a2 40. Kd3 Kf5 41.
Kc2 e4 42. Kd2 Kf4 43. Ke2 e3 44. Rf1+ Ke4 45. Ra1 Ra4 0-1

[Event "AUTO-INT-454"]
[Site "http://www.queenalice.com/game.php?id=210478"]
[Date "2007.5.13"]
[Round "1"]
[White "Nakgada"]
[Black "ferreira"]
[Result "1-0"]
[WhiteElo "1816"]
[BlackElo "1709"]

1. d4 d5 2. e3 Nf6 3. c4 e6 4. cxd5 Nxd5 5. Nc3 Bb4 6. Bd2 Bxc3 7. bxc3 a6 8. c4
Nf6 9. Nf3 Nc6 10. Qa4 Bd7 11. Qb3 b5 12. cxb5 axb5 13. Bxb5 Rb8 14. Qc4 Rb6 15.
O-O e5 16. d5 Na7 17. Bxd7+ Qxd7 18. Nxe5 Qd6 19. Qa4+ c6 20. Qxa7 Nd7 21. Nxd7
Rb2 22. Bc3 Rc2 23. Bxg7 Qxd7 24. Qxd7+ Kxd7 25. dxc6+ Kxc6 26. Bxh8 1-0

[Event "Bernobr"]
[Site "http://www.queenalice.com/game.php?id=213220"]
[Date "2007.5.19"]
[Round "1"]
[White "freedarkmor2"]
[Black "ferreira"]
[Result "1-0"]
[WhiteElo "1614"]
[BlackElo "1762"]

1. e4 e5 2. Nf3 Nc6 3. d4 Bd6 4. dxe5 Nxe5 5. Nxe5 Bxe5 6. Bc4 Qe7 7. O-O Nf6 8.
Re1 h6 9. Bb3 c6 10. f4 Bc7 11. e5 Nd5 12. Bxd5 Qc5+ 13. Be3 Qxd5 14. Qxd5 cxd5
15. Rd1 O-O 16. Rxd5 Re8 17. Nc3 b6 18. Bf2 a6 19. Ne4 Bb7 20. Rd4 b5 21. Nd6
Bb6 22. Nxe8 Bxd4 23. Bxd4 Rxe8 24. Rd1 Be4 25. c3 Bc6 26. Rd3 Rb8 27. b4 Be4
28. Rg3 Bg6 29. h4 Rd8 30. e6 dxe6 31. h5 Bxh5 32. Rxg7+ Kf8 33. Rh7 Be2 34. Bf6
Rd1+ 35. Kf2 Ke8 36. Kxe2 Ra1 37. Rh8+ Kd7 38. Rd8+ Kc6 39. Rd2 Rg1 40. Kf2 Rh1
41. Be5 h5 42. Rd6+ Kb7 43. Rd7+ Kc6 44. Rxf7 h4 45. Rh7 Ra1 46. Rxh4 Rxa2+ 47.
Kf3 Kd5 48. g4 a5 49. bxa5 Rxa5 50. g5 Ra8 51. Kg4 Ke4 52. Rh8 Ra1 53. Rh3 Ra8
54. g6 Rg8 55. g7 1-0

[Event "AUTO-OPEN-587"]
[Site "http://www.queenalice.com/game.php?id=282225"]
[Date "2007.10.6"]
[Round "2"]
[White "crubiov"]
[Black "ferreira"]
[Result "1-0"]
[WhiteElo "2334"]
[BlackElo "1746"]

1. e4 e5 2. Nf3 Nc6 3. Bc4 h6 4. O-O Nf6 5. Re1 Bc5 6. c3 Ng4 7. Re2 d6 8. d4
exd4 9. cxd4 Bb6 10. Nc3 a6 11. h3 h5 12. e5 dxe5 13. Nd5 Be6 14. Bg5 f6 15.
Nxb6 cxb6 16. Bxe6 Nxd4 17. Nxd4 Kf8 18. hxg4 exd4 19. Qd3 fxg5 20. Rae1 hxg4
21. Bc4 Rc8 22. Qf5+ 1-0

[Event "AUTO-OPEN-587"]
[Site "http://www.queenalice.com/game.php?id=282226"]
[Date "2007.10.6"]
[Round "2"]
[White "ferreira"]
[Black "crubiov"]
[Result "0-1"]
[WhiteElo "1748"]
[BlackElo "2333"]

1. c4 e5 2. Nc3 Nf6 3. d4 exd4 4. Qxd4 Nc6 5. Qe3+ Be7 6. g3 d5 7. Qd3 Nb4 8.
Qd2 Bf5 9. e4 Nxe4 10. Nxe4 Bxe4 11. f3 Bg6 12. Rb1 Bxb1 13. Be2 dxc4 14. Bxc4
Bxa2 15. Ne2 Bxc4 16. Qxd8+ Rxd8 17. Nc3 Bc5 18. Bd2 Nd3+ 19. Kd1 Nf2+ 20. Kc2
Nxh1 21. Ne4 Bd3+ 0-1

[Event "AUTO-OPEN-587"]
[Site "http://www.queenalice.com/game.php?id=282229"]
[Date "2007.10.6"]
[Round "2"]
[White "salso"]
[Black "ferreira"]
[Result "1-0"]
[WhiteElo "2067"]
[BlackElo "1754"]

1. e4 e5 2. Nf3 Nc6 3. Bb5 a6 4. Bxc6 dxc6 5. d4 Bg4 6. dxe5 Qxd1+ 7. Kxd1
O-O-O+ 8. Ke2 f6 9. Bf4 Bxf3+ 10. gxf3 fxe5 11. Bxe5 Rd7 12. Nd2 Ne7 13. Rad1
Ng6 14. Bg3 Bd6 15. Bxd6 cxd6 16. Nc4 Nf4+ 17. Ke3 Ng2+ 18. Kd4 c5+ 19. Kc3 1-0

[Event "AUTO-OPEN-587"]
[Site "http://www.queenalice.com/game.php?id=282230"]
[Date "2007.10.6"]
[Round "2"]
[White "ferreira"]
[Black "salso"]
[Result "0-1"]
[WhiteElo "1751"]
[BlackElo "2070"]

1. c4 Nf6 2. d4 e6 3. g3 d5 4. Bg2 Nc6 5. c5 e5 6. Nf3 exd4 7. Nxd4 Bxc5 8. e3
Bxd4 9. exd4 Qe7+ 10. Be3 Qb4+ 11. Nc3 O-O 12. O-O Qxb2 13. Bxd5 Qxc3 14. Bf3
Bh3 15. Re1 Be6 16. d5 Rad8 17. Bd2 Qxa1 18. Qxa1 Bxd5 19. Bxd5 Nxd5 0-1

[Event "Bernobr"]
[Site "http://www.queenalice.com/game.php?id=297619"]
[Date "2007.11.3"]
[Round "2"]
[White "ferreira"]
[Black "Bernobr"]
[Result "0-1"]
[WhiteElo "1744"]
[BlackElo "1914"]

1. c4 Nf6 2. d4 c6 3. Nc3 d5 4. e3 e6 5. a3 Bd6 6. h3 O-O 7. Nf3 Nbd7 8. Bd3
dxc4 9. Bxc4 Nb6 10. Bb3 c5 11. O-O cxd4 12. exd4 Nbd5 13. Bg5 Nxc3 14. bxc3 h6
15. Bh4 b6 16. c4 Bb7 17. d5 exd5 18. cxd5 Be7 19. Re1 Re8 20. Bxf6 Bxf6 21. Rb1
Be7 22. Ba4 Rf8 23. Bc6 Bxc6 24. dxc6 Bxa3 25. Qxd8 Rfxd8 26. Rb3 Bc5 27. Rc3
Rac8 28. Ne5 Re8 29. Kf1 Bd4 30. Rc4 Bxe5 31. c7 Bd6 32. Rxe8+ Rxe8 33. c8=Q
Rxc8 34. Rxc8+ Kh7 0-1